[Event "XXXIII Festival A"]
[Site "Arco ITA"]
[Date "2011.10.29"]
[Round "8"]
[White "Negro, Raffaele"]
[Black "Milazzo, Mario"]
[Result "0-1"]
[WhiteElo "1915"]
[BlackElo "2077"]
[PlyCount "34"]
[EventDate "2011.10.22"]

1. d4 f5 2. Bg5 g6 3. Nc3 Bg7 4. Qd2 h6 5. Be3 d6 6. O-O-O Be6 7. f3 Nf6 8. Kb1
Nbd7 9. Bf2 c6 10. h3 Qa5 11. e3 Bf7 12. Bd3 b5 13. a3 Rb8 14. b4 Qxa3 15. Nge2
Qxb4+ 16. Ka1 Qa3+ 17. Kb1 b4 0-1

[Event "XXXIII Festival A"]
[Site "Arco ITA"]
[Date "2011.10.29"]
[Round "8"]
[White "Panjkovic, Aleksandar"]
[Black "Del Monaco, Andrea"]
[Result "1/2-1/2"]
[WhiteElo "2187"]
[BlackElo "2315"]
[PlyCount "86"]
[EventDate "2011.10.22"]

1. c4 Nf6 2. g3 e5 3. Nc3 Nc6 4. Bg2 Bb4 5. Nd5 O-O 6. a3 Bc5 7. e3 d6 8. b4
Bb6 9. Bb2 Nxd5 10. cxd5 Ne7 11. d4 f6 12. Ne2 Bg4 13. O-O a5 14. h3 Bd7 15.
Kh2 axb4 16. axb4 Rxa1 17. Qxa1 Bb5 18. Re1 Qe8 19. f4 Qh5 20. Ng1 exf4 21.
exf4 Qf7 22. Qa2 Nf5 23. Be4 g6 24. Nf3 Ne7 25. h4 c6 26. h5 Nxd5 27. hxg6 hxg6
28. Nh4 f5 29. Bxd5 cxd5 30. Nxg6 Bc4 31. Ne7+ Qxe7 32. Rxe7 Bxa2 33. Rxb7 Rc8
34. Kh3 Bd8 35. b5 Bc4 36. Ba3 Be2 37. Bxd6 Bg4+ 38. Kg2 Rc2+ 39. Kg1 Ba5 40.
b6 Bd2 41. Re7 Bc3 42. Bc5 Rc1+ 43. Kg2 Rc2+ 1/2-1/2

[Event "XXXIII Festival A"]
[Site "Arco ITA"]
[Date "2011.10.29"]
[Round "8"]
[White "Papa, Angelo"]
[Black "De Polzer, Manfredi"]
[Result "1-0"]
[WhiteElo "1848"]
[BlackElo "1706"]
[PlyCount "119"]
[EventDate "2011.10.22"]

1. d4 d5 2. c4 e6 3. cxd5 exd5 4. Nc3 c6 5. Nf3 Nf6 6. Bg5 Be7 7. Qc2 Be6 8. e3
Nbd7 9. Bd3 O-O 10. h3 Re8 11. O-O Nf8 12. Rab1 N6d7 13. Bxe7 Qxe7 14. b4 a6
15. a4 b5 16. Rfc1 Rec8 17. a5 Nf6 18. Re1 Rc7 19. e4 Qd7 20. Rbd1 h6 21. Ne5
Qc8 22. Re3 N6d7 23. f4 Nxe5 24. fxe5 Qd8 25. Qf2 Ng6 26. Ne2 Qh4 27. Qxh4 Nxh4
28. Rf1 Ng6 29. Ng3 Rd8 30. Ne2 Nf8 31. Ref3 dxe4 32. Bxe4 Bc4 33. Bd3 Bd5 34.
Re3 Ne6 35. Bf5 Bc4 36. Bxe6 Bxe6 37. Kf2 Bc4 38. Rd1 Rcd7 39. Re4 Bd5 40. Rh4
Re8 41. Nc3 Bc4 42. Re4 Kh7 43. Ree1 g5 44. Ne4 Re6 45. Nf6+ Rxf6+ 46. exf6 Be6
47. Ke3 h5 48. Rc1 Rd6 49. Rf1 Kg6 50. Rc5 Bd5 51. Rf2 Rxf6 52. Rxf6+ Kxf6 53.
g3 Kf5 54. Rc2 f6 55. Rf2+ Kg6 56. h4 g4 57. Kf4 Bf3 58. Rf1 Bd5 59. Re1 Bc4
60. Re7 1-0

[Event "XXXIII Festival A"]
[Site "Arco ITA"]
[Date "2011.10.29"]
[Round "8"]
[White "Pedrotti, Luciano"]
[Black "Lupini, Stefano"]
[Result "1/2-1/2"]
[WhiteElo "1801"]
[BlackElo "1921"]
[PlyCount "38"]
[EventDate "2011.10.22"]

1. e4 e5 2. Nf3 Nc6 3. Bb5 a6 4. Ba4 Nf6 5. O-O b5 6. Bb3 Bc5 7. d3 d6 8. c3 h6
9. h3 O-O 10. Nbd2 Bb6 11. Bc2 Re8 12. Re1 d5 13. b3 dxe4 14. Nxe4 Nxe4 15.
dxe4 Qf6 16. Be3 Rd8 17. Qe2 Bxe3 18. Qxe3 Bb7 19. Rad1 Rxd1 1/2-1/2

[Event "XXXIII Festival A"]
[Site "Arco ITA"]
[Date "2011.10.29"]
[Round "8"]
[White "Perich, Stefano"]
[Black "Rivara, Massimo"]
[Result "1/2-1/2"]
[WhiteElo "1931"]
[BlackElo "1834"]
[PlyCount "39"]
[EventDate "2011.10.22"]

1. Nf3 c5 2. b3 Nf6 3. Bb2 g6 4. g3 b6 5. Bg2 Bb7 6. O-O Bg7 7. d3 O-O 8. e4 d6
9. Qe2 Nbd7 10. Ne1 Nh5 11. Bxg7 Nxg7 12. f4 f5 13. e5 Bxg2 14. Kxg2 dxe5 15.
fxe5 Qc7 16. Nf3 Ne6 17. c3 Qc6 18. Kg1 Rad8 19. Na3 f4 20. g4 1/2-1/2

[Event "XXXIII Festival A"]
[Site "Arco ITA"]
[Date "2011.10.29"]
[Round "8"]
[White "Pistone, Salvatore"]
[Black "Mastroddi, Giuseppe"]
[Result "1/2-1/2"]
[WhiteElo "1671"]
[BlackElo "1710"]
[PlyCount "54"]
[EventDate "2011.10.22"]

1. c4 Nf6 2. g3 g6 3. Bg2 Bg7 4. Nc3 O-O 5. Nf3 d6 6. d4 c5 7. dxc5 dxc5 8.
Qxd8 Rxd8 9. Be3 Na6 10. O-O Rb8 11. Bf4 Ra8 12. Rfd1 Re8 13. Be5 Ng4 14. Bxg7
Kxg7 15. Rd2 Be6 16. h3 Nf6 17. Ne5 Rab8 18. Rad1 Nc7 19. Ne4 Nxe4 20. Bxe4 Na8
21. Nd7 Bxd7 22. Rxd7 Nb6 23. Rxb7 Rxb7 24. Bxb7 Nxc4 25. b3 Nd6 26. Bf3 Rc8
27. e4 f6 1/2-1/2

[Event "XXXIII Festival A"]
[Site "Arco ITA"]
[Date "2011.10.29"]
[Round "8"]
[White "Prelati, Maurizio"]
[Black "De Sio, Francesco"]
[Result "1-0"]
[WhiteElo "2012"]
[BlackElo "1811"]
[PlyCount "45"]
[EventDate "2011.10.22"]

1. e4 c5 2. Nc3 e6 3. f4 d5 4. Nf3 dxe4 5. Nxe4 Nf6 6. Nc3 Bd6 7. Bb5+ Bd7 8.
d3 Bxb5 9. Nxb5 Qa5+ 10. Nc3 Nbd7 11. O-O O-O 12. Bd2 Qb6 13. Qe2 a6 14. Kh1
Qc7 15. Ng5 Rfe8 16. Rae1 e5 17. fxe5 Nxe5 18. Rxf6 gxf6 19. Nd5 Qd8 20. Nxh7
Kxh7 21. Qh5+ Kg8 22. Re3 Ng6 23. Rxe8+ 1-0

[Event "XXXIII Festival A"]
[Site "Arco ITA"]
[Date "2011.10.29"]
[Round "8"]
[White "Riepma, Henk"]
[Black "Londers, Jan"]
[Result "0-1"]
[WhiteElo "2073"]
[BlackElo "1891"]
[PlyCount "86"]
[EventDate "2011.10.22"]

1. f4 e5 2. fxe5 Nc6 3. Nf3 g5 4. g3 g4 5. Nh4 d6 6. e6 Bxe6 7. d4 d5 8. Bf4
Be7 9. Ng2 Bf6 10. e3 Nge7 11. c3 Ng6 12. Bd3 h5 13. Nd2 h4 14. Kf2 Qe7 15. Qa4
Bd7 16. Qb3 h3 17. Ne1 Nxf4 18. exf4 Nxd4 19. Qd1 Ne6 20. Nc2 Qc5+ 21. Kf1
O-O-O 22. Nb3 Qd6 23. Qd2 d4 24. Be4 Bc6 25. Re1 Bxe4 26. Rxe4 Qc6 27. Qe1 dxc3
28. Nb4 Qb5+ 29. Kf2 Qb6+ 30. Qe3 Qxe3+ 31. Kxe3 cxb2 32. Rb1 Ng7 33. Nd3 Nf5+
34. Ke2 Rhe8 35. Rxe8 Rxe8+ 36. Kf2 Ne3 37. Re1 Re7 38. Nxb2 Bxb2 39. Rxe3 Rxe3
40. Kxe3 b6 41. Ke4 c5 42. Nd2 b5 43. Nb3 c4 0-1

[Event "XXXIII Festival A"]
[Site "Arco ITA"]
[Date "2011.10.29"]
[Round "8"]
[White "Rizzo, Giuseppe"]
[Black "Borries, Barbara"]
[Result "1/2-1/2"]
[WhiteElo "1732"]
[BlackElo "1901"]
[PlyCount "44"]
[EventDate "2011.10.22"]

1. d4 e6 2. Nf3 Nf6 3. e3 g6 4. Be2 Bg7 5. c4 d5 6. Nc3 O-O 7. O-O Nc6 8. b3
Re8 9. Ne5 Ne4 10. Nxe4 dxe4 11. Nxc6 bxc6 12. Ba3 e5 13. Bc5 exd4 14. Bxd4 Qg5
15. f4 Qe7 16. Bxg7 Kxg7 17. Qd4+ Kg8 18. c5 a5 19. Rfd1 Be6 20. Rac1 Bd5 21.
Qc3 Reb8 22. Bc4 Bxc4 1/2-1/2

[Event "XXXIII Festival A"]
[Site "Arco ITA"]
[Date "2011.10.29"]
[Round "8"]
[White "Romagnoli, Roberto"]
[Black "Joerges, Frank"]
[Result "1/2-1/2"]
[WhiteElo "2086"]
[BlackElo "1923"]
[PlyCount "30"]
[EventDate "2011.10.22"]

1. c4 e5 2. Nc3 d6 3. g3 f5 4. Bg2 Nf6 5. e3 Be7 6. Nge2 O-O 7. d4 c6 8. O-O
Na6 9. b3 Bd7 10. Bb2 e4 11. a3 d5 12. cxd5 Nxd5 13. Qd2 Nac7 14. Rac1 Qe8 15.
b4 Rf6 1/2-1/2

[Event "XXXIII Festival A"]
[Site "Arco ITA"]
[Date "2011.10.29"]
[Round "8"]
[White "Roversi, Stefano"]
[Black "Badano, Fabio"]
[Result "0-1"]
[WhiteElo "1822"]
[BlackElo "1741"]
[PlyCount "116"]
[EventDate "2011.10.22"]

1. e4 e6 2. d3 d5 3. Nd2 c5 4. Ngf3 Nc6 5. g3 Nf6 6. Bg2 Be7 7. O-O Qc7 8. Re1
b6 9. Nf1 dxe4 10. dxe4 Bb7 11. e5 Nd7 12. Qe2 Rd8 13. c3 Ndb8 14. Bg5 Ba6 15.
Qe4 h6 16. Bxe7 Qxe7 17. Rad1 O-O 18. h4 Rxd1 19. Rxd1 Rd8 20. Qc2 Rxd1 21.
Qxd1 Qd7 22. Qd6 Qxd6 23. exd6 Nd7 24. N1d2 Bb7 25. Nc4 Nd8 26. Nfe5 Nxe5 27.
Nxe5 Bxg2 28. Kxg2 Kf8 29. Kf3 Ke8 30. Ke4 f6 31. Nd3 Nb7 32. b4 Nxd6+ 33. Kf4
cxb4 34. cxb4 Kd7 35. Kg4 Nc4 36. Kh5 Ke7 37. Kg6 Kf8 38. Nf4 Ne5+ 39. Kh7 Kf7
40. h5 a5 41. bxa5 bxa5 42. Ng2 Nd3 43. f4 a4 44. Nh4 e5 45. fxe5 fxe5 46. Nf5
Nb4 47. a3 Nc2 48. Nxg7 e4 49. Nf5 e3 50. Nxe3 Nxe3 51. Kxh6 Kf6 52. Kh7 Kg5
53. h6 Ng4 54. Kg7 Nxh6 55. Kf8 Kf6 56. Ke8 Ke6 57. Kd8 Kd5 58. Kc7 Kc4 0-1

[Event "XXXIII Festival A"]
[Site "Arco ITA"]
[Date "2011.10.29"]
[Round "8"]
[White "Russo, Carmelo"]
[Black "Helbig, Dieter"]
[Result "0-1"]
[WhiteElo "1711"]
[BlackElo "1877"]
[PlyCount "110"]
[EventDate "2011.10.22"]

1. d4 Nf6 2. c4 g6 3. Bg5 Bg7 4. Nc3 O-O 5. Qd2 d6 6. Bh6 Nc6 7. Bxg7 Kxg7 8.
Nf3 a6 9. e4 e5 10. d5 Ne7 11. Be2 Bd7 12. h4 Nh5 13. O-O-O Rb8 14. Rdg1 b5 15.
g4 Nf4 16. c5 Qc8 17. c6 Bxg4 18. Nd1 Nxe2+ 19. Qxe2 Bh5 20. Qe3 b4 21. Qg5
Bxf3 22. Rh2 Ng8 23. h5 h6 24. Qe3 Bxd1 25. Kxd1 Qd8 26. hxg6 fxg6 27. Rhg2 Rf6
28. f4 exf4 29. Qd4 Kh7 30. e5 dxe5 31. Qxe5 Rb5 32. Rd2 Qe7 33. Re1 Qxe5 34.
Rxe5 Rd6 35. Ke2 Kg7 36. Kf3 g5 37. Ke4 Nf6+ 38. Kf3 Kf7 39. Re6 Rxe6 40. dxe6+
Kxe6 41. Rd8 Rc5 42. Rh8 Rxc6 43. Rxh6 Rd6 44. Ke2 Kf5 45. Rh3 c5 46. a3 a5 47.
Rh8 c4 48. Ra8 Rd5 49. axb4 axb4 50. Rc8 Rd4 51. Rb8 Kg4 52. Rf8 Ne4 53. Rf7
Rd2+ 54. Ke1 Rxb2 55. Re7 Kf3 0-1

[Event "XXXIII Festival A"]
[Site "Arco ITA"]
[Date "2011.10.29"]
[Round "8"]
[White "Schaberg, Wolfgang"]
[Black "Cordioli, Luca"]
[Result "1/2-1/2"]
[WhiteElo "1880"]
[BlackElo "1658"]
[PlyCount "55"]
[EventDate "2011.10.22"]

1. Nf3 Nf6 2. g3 g6 3. Bg2 Bg7 4. d4 O-O 5. O-O d6 6. Re1 c6 7. e4 Nbd7 8. Nbd2
Qc7 9. c3 a5 10. a4 e5 11. Qc2 Re8 12. b3 b6 13. Ba3 Bb7 14. Nc4 c5 15. d5 Ba6
16. Ne3 Rac8 17. c4 Rf8 18. Rad1 Rcd8 19. Bc1 Bh6 20. Nf1 Bxc1 21. Qxc1 Kg7 22.
h4 Bc8 23. Bh3 Nb8 24. Bxc8 Qxc8 25. N1h2 Ng4 26. Kg2 Nxh2 27. Nxh2 f5 28. h5
1/2-1/2

[Event "XXXIII Festival A"]
[Site "Arco ITA"]
[Date "2011.10.29"]
[Round "8"]
[White "Seebacher, Reinhard"]
[Black "Nicolodi, Raoul"]
[Result "0-1"]
[WhiteElo "1700"]
[BlackElo "1983"]
[PlyCount "80"]
[EventDate "2011.10.22"]

1. c4 Nf6 2. Nc3 c5 3. g3 Nc6 4. Bg2 g6 5. Nf3 Bg7 6. O-O O-O 7. d4 cxd4 8.
Nxd4 d6 9. Nxc6 bxc6 10. Bxc6 Rb8 11. Bg2 Bb7 12. Qa4 Bxg2 13. Kxg2 Qc7 14. Kg1
Rfc8 15. b3 Ne4 16. Nd5 Qb7 17. Be3 Bxa1 18. Rxa1 e6 19. Nf4 Nc3 20. Qa5 Ne4
21. Nd3 d5 22. cxd5 Qxd5 23. Qxa7 Nc3 24. Nf4 Qb5 25. Bd4 Nxe2+ 26. Nxe2 Qxe2
27. Qe7 Qf3 28. Re1 Rc2 29. Qd6 Rbc8 30. Qe5 Kf8 31. Qd6+ Ke8 32. Rxe6+ fxe6
33. Qxe6+ Kf8 34. Qd6+ Kg8 35. Qe6+ Qf7 36. Qe5 Kf8 37. Qd6+ Ke8 38. Qe5+ Kd7
39. Be3 Qf3 40. Qd5+ Qxd5 0-1

[Event "XXXIII Festival A"]
[Site "Arco ITA"]
[Date "2011.10.29"]
[Round "8"]
[White "Sigmund, Ingenuin"]
[Black "Bottesi, Gianluca"]
[Result "1-0"]
[WhiteElo "1788"]
[BlackElo "1674"]
[PlyCount "103"]
[EventDate "2011.10.22"]

1. e4 c6 2. d4 d5 3. e5 Bf5 4. g4 Bg6 5. h4 h6 6. Bd3 Bxd3 7. Qxd3 e6 8. Nf3
Nd7 9. Be3 Ne7 10. Nbd2 Qc7 11. O-O-O O-O-O 12. Kb1 c5 13. c4 Nc6 14. cxd5 exd5
15. Qf5 cxd4 16. Nxd4 Qxe5 17. Rc1 Qxf5+ 18. Nxf5 Nde5 19. f3 Kb8 20. Bf4 Ka8
21. Bxe5 Nxe5 22. Rc7 Bb4 23. Nb3 Rc8 24. Rxc8+ Rxc8 25. g5 hxg5 26. hxg5 Nxf3
27. Nxg7 Nxg5 28. a3 Be7 29. Nf5 Bf6 30. Rf1 Ne4 31. Nh6 Bg5 32. Nxf7 Rf8 33.
Rh1 Bf6 34. Rh7 d4 35. Nc1 Rc8 36. Nd3 Rc7 37. Nf4 Rd7 38. Nh5 a6 39. Nxf6 Nxf6
40. Rh8+ Ka7 41. Ne5 Rc7 42. Rd8 Kb6 43. Rd6+ Kc5 44. Rxf6 Kd5 45. Nd3 Ke4 46.
Ne1 Ke3 47. Rd6 Ke2 48. Nc2 d3 49. Nd4+ Kd1 50. Nb3 Ke2 51. Nc1+ Rxc1+ 52. Kxc1
1-0

[Event "XXXIII Festival A"]
[Site "Arco ITA"]
[Date "2011.10.29"]
[Round "8"]
[White "Stolfa, Rodolfo"]
[Black "Billio, Atto"]
[Result "0-1"]
[WhiteElo "1812"]
[BlackElo "2071"]
[PlyCount "119"]
[EventDate "2011.10.22"]

1. d4 e6 2. c4 f5 3. Nc3 Nf6 4. Nf3 d6 5. e3 b6 6. Bd3 Bb7 7. O-O Nbd7 8. Re1
Ne4 9. Ne2 Be7 10. Nf4 Nf8 11. Bxe4 fxe4 12. Nd2 g5 13. Nh5 Qd7 14. Ng7+ Kd8
15. Nh5 Ng6 16. b4 a5 17. b5 d5 18. a4 dxc4 19. Nxc4 Qd5 20. Qc2 Bd6 21. Bb2 g4
22. Ng3 h5 23. Nd2 h4 24. Ngxe4 Rf8 25. Rf1 h3 26. g3 Ne7 27. Rac1 Kd7 28. Qc4
Rf5 29. Qxd5 exd5 30. Nxd6 cxd6 31. Rc2 Raf8 32. Nb3 Ng8 33. Nc1 Nf6 34. Nd3
Ne4 35. Nf4 Rc8 36. Rxc8 Bxc8 37. Bc1 Nc3 38. f3 gxf3 39. Kf2 Nxa4 40. Bd2 Nb2
41. Bc3 Nc4 42. g4 Rg5 43. Kxf3 Na3 44. Nxh3 Rg8 45. Nf4 Nxb5 46. Bb2 Nc7 47.
h4 Ke7 48. g5 Bf5 49. Rg1 b5 50. Ra1 a4 51. Ba3 Be4+ 52. Kg3 Na6 53. Bc1 Rc8
54. Kg4 Rc2 55. Kh5 Rh2 56. Kg4 Rh1 57. Ne2 Nb4 58. Ng3 Rg1 59. Kh3 Nd3 60. Bb2
0-1

[Event "XXXIII Festival A"]
[Site "Arco ITA"]
[Date "2011.10.29"]
[Round "8"]
[White "Sukaylo, Aleksey"]
[Black "Pegoraro, Nicola"]
[Result "1/2-1/2"]
[WhiteElo "1884"]
[BlackElo "2044"]
[PlyCount "80"]
[EventDate "2011.10.22"]

1. e4 c5 2. Nf3 d6 3. d4 cxd4 4. Nxd4 Nf6 5. Nc3 a6 6. Bg5 Bd7 7. Qd2 Nc6 8.
O-O-O Rc8 9. f3 Qa5 10. Nb3 Qc7 11. Kb1 e6 12. f4 Be7 13. Be2 b5 14. Bxb5 axb5
15. Nxb5 Qb8 16. Bxf6 gxf6 17. Nxd6+ Bxd6 18. Qxd6 Qxd6 19. Rxd6 Ke7 20. Rhd1
Be8 21. c3 Rg8 22. g3 h5 23. R6d3 Rd8 24. Nd4 Nxd4 25. Rxd4 Bc6 26. e5 fxe5 27.
Rxd8 Rxd8 28. Rxd8 Be4+ 29. Kc1 Kxd8 30. fxe5 Kc7 31. Kd2 Kc6 32. c4 Kd7 33. b4
f6 34. exf6 e5 35. a4 Ke6 36. b5 Kxf6 37. a5 Ke6 38. a6 Kd6 39. b6 Kc6 40. c5
Bg2 1/2-1/2

[Event "XXXIII Festival A"]
[Site "Arco ITA"]
[Date "2011.10.29"]
[Round "8"]
[White "Tencheni, Maurizio"]
[Black "Coqueraut, Jean Dominique"]
[Result "0-1"]
[WhiteElo "1647"]
[BlackElo "1824"]
[PlyCount "84"]
[EventDate "2011.10.22"]

1. e4 e5 2. Nf3 Nc6 3. Bb5 Nd4 4. Nxd4 exd4 5. d3 c6 6. Bc4 b5 7. Bb3 a5 8. c3
a4 9. Bc2 dxc3 10. bxc3 Nf6 11. Nd2 d6 12. h3 g6 13. a3 Bg7 14. Nf3 O-O 15. O-O
Re8 16. Re1 Bd7 17. d4 Qc7 18. Bb2 Rad8 19. Rc1 Be6 20. Nd2 Qd7 21. Re3 Bh6 22.
Rf3 Qe7 23. Qe2 Nh5 24. Re1 Qg5 25. Bc1 Nf4 26. Rxf4 Qxf4 27. Nf3 Qxc1 28. Rxc1
Bxc1 29. d5 Bd7 30. dxc6 Bxc6 31. Nd4 Bd7 32. Nxb5 Bxb5 33. Qxb5 Bxa3 34. Qxa4
Bc5 35. Kf1 Re7 36. f3 Rb8 37. Bb3 Reb7 38. Bc2 Ra7 39. Qc4 Rb2 40. Qd3 Raa2
41. Bd1 Rf2+ 42. Kg1 Rxg2+ 0-1

[Event "XXXIII Festival A"]
[Site "Arco ITA"]
[Date "2011.10.29"]
[Round "8"]
[White "Thonig, Manfred"]
[Black "Catalfamo, Santo"]
[Result "1-0"]
[WhiteElo "1647"]
[BlackElo "1915"]
[PlyCount "99"]
[EventDate "2011.10.22"]

1. f4 d6 2. e3 Nf6 3. Nf3 Nc6 4. d4 Bf5 5. Bb5 a6 6. Bd3 Qd7 7. O-O h6 8. c3 e6
9. Na3 Be7 10. b4 b5 11. Qc2 d5 12. Bd2 Bxd3 13. Qxd3 Ne4 14. Ne5 Nxe5 15. fxe5
g5 16. Rad1 g4 17. Rf4 Rg8 18. Rdf1 Rg7 19. Be1 h5 20. Nb1 Bg5 21. Rxe4 dxe4
22. Qxe4 c6 23. Bg3 Qd5 24. Qd3 Qxa2 25. Bf4 Bxf4 26. exf4 h4 27. Rf2 Qd5 28.
Nd2 a5 29. Ne4 Ke7 30. f5 exf5 31. Rxf5 axb4 32. Qb1 b3 33. Nf6 Qc4 34. Ne4 h3
35. Qe1 Rh8 36. e6 fxe6 37. Nc5 Rg6 38. Qe5 Rd8 39. Rh5 Qf1+ 40. Kxf1 Rf6+ 41.
Kg1 b2 42. Rh7+ Ke8 43. Qh5+ Kf8 44. Rh8+ Ke7 45. Qh7+ Rf7 46. Qh4+ Rf6 47.
Rh7+ Ke8 48. Qh5+ Kf8 49. Nd7+ Kg8 50. Nxf6+ 1-0

[Event "XXXIII Festival A"]
[Site "Arco ITA"]
[Date "2011.10.29"]
[Round "8"]
[White "Trimarchi, Giuseppe"]
[Black "Pieri, Enzo"]
[Result "1-0"]
[WhiteElo "1923"]
[BlackElo "1729"]
[PlyCount "93"]
[EventDate "2011.10.22"]

1. e4 c6 2. d4 d5 3. Nc3 dxe4 4. Nxe4 Nf6 5. Nxf6+ exf6 6. Nf3 Be6 7. Be3 Bd6
8. Qd2 Nd7 9. c3 Qc7 10. Be2 O-O 11. O-O Bg4 12. h3 Bh5 13. Rad1 Rad8 14. Nh4
Bxe2 15. Qxe2 Rfe8 16. Nf5 Bf8 17. Qg4 Kh8 18. Bf4 Qa5 19. Rfe1 g6 20. Rxe8
Rxe8 21. Nd6 Re7 22. Nxb7 Qxa2 23. Bd6 f5 24. Qh4 Re8 25. Bxf8 Rxf8 26. d5 Qb3
27. Rd2 Qxb7 28. dxc6 Qxc6 29. Qe7 Qb6 30. Rxd7 Kg8 31. Rb7 Qa6 32. Rxa7 Qd3
33. Rb7 f4 34. Qf6 Qe4 35. Rb4 Qe1+ 36. Kh2 Qxf2 37. Qxf4 Qe2 38. b3 h5 39. c4
Kg7 40. Rb7 Qd3 41. b4 Kg8 42. c5 Qd5 43. Rb8 Rxb8 44. Qxb8+ Kg7 45. Qc7 h4 46.
b5 g5 47. b6 1-0

[Event "XXXIII Festival A"]
[Site "Arco ITA"]
[Date "2011.10.29"]
[Round "8"]
[White "Vaccari, Giorgio"]
[Black "Gardini, Enrico"]
[Result "0-1"]
[WhiteElo "1656"]
[BlackElo "1822"]
[PlyCount "82"]
[EventDate "2011.10.22"]

1. e4 d5 2. exd5 Qxd5 3. d4 Nf6 4. Nc3 Qd6 5. Be3 c6 6. Be2 Nbd7 7. Nf3 Nb6 8.
Ne5 e6 9. O-O Be7 10. Qd2 O-O 11. Bf4 Qd8 12. Rfd1 Nfd5 13. Bg3 Nf6 14. a3 Nbd5
15. Bf3 Bd7 16. Ne2 Be8 17. c4 Nb6 18. Qc2 Qc8 19. b4 c5 20. b5 cxd4 21. Nxd4
Bc5 22. Nb3 Be7 23. Na5 Bxb5 24. Bxb7 Ba4 25. Qe2 Bxd1 26. Rxd1 Qc5 27. Bxa8
Nxa8 28. Nac6 Qxa3 29. Bh4 Nb6 30. Nxe7+ Qxe7 31. Ng4 Nbd7 32. Qe1 Kh8 33. Ne5
h6 34. Qe3 Nxe5 35. Qxe5 g5 36. Rd7 Qxd7 37. Qxf6+ Kh7 38. Qf3 Qd4 39. h3 gxh4
40. Qh5 Kg7 41. Qa5 Rc8 0-1

[Event "XXXIII Festival A"]
[Site "Arco ITA"]
[Date "2011.10.29"]
[Round "8"]
[White "Valsecchi, Alessio"]
[Black "Romanishin, Oleg M."]
[Result "0-1"]
[WhiteElo "2338"]
[BlackElo "2537"]
[PlyCount "60"]
[EventDate "2011.10.22"]

1. e4 e5 2. f4 exf4 3. Bc4 d5 4. Bxd5 Nf6 5. Nc3 Bb4 6. Nf3 O-O 7. O-O Bxc3 8.
dxc3 c6 9. Bb3 Qxd1 10. Rxd1 Nxe4 11. Ne5 Nc5 12. Bxf4 Be6 13. Bxe6 Nxe6 14.
Bg3 Na6 15. b4 Rfd8 16. a4 Nac7 17. a5 a6 18. c4 Kf8 19. Nd7+ Ke8 20. Nc5 Rxd1+
21. Rxd1 Nxc5 22. bxc5 Ne6 23. Rb1 Rd8 24. Rxb7 Nxc5 25. Rb6 Rd1+ 26. Kf2 Kd7
27. Ke2 Rc1 28. Kd2 Ra1 29. Kc3 Na4+ 30. Kd4 c5+ 0-1

[Event "XXXIII Festival A"]
[Site "Arco ITA"]
[Date "2011.10.29"]
[Round "8"]
[White "Viviani, Alessio"]
[Black "Antoniacci, Riccardo"]
[Result "1/2-1/2"]
[WhiteElo "2021"]
[BlackElo "1913"]
[PlyCount "73"]
[EventDate "2011.10.22"]

1. d4 Nf6 2. c4 e6 3. Nc3 Bb4 4. Qc2 Nc6 5. Nf3 d6 6. a3 Bxc3+ 7. Qxc3 Qe7 8.
g3 e5 9. dxe5 dxe5 10. Bg2 O-O 11. O-O e4 12. Nd4 Nxd4 13. Qxd4 c5 14. Qc3 h6
15. Bf4 Nh5 16. Be3 b6 17. b4 f5 18. bxc5 f4 19. gxf4 Nxf4 20. Bxf4 Rxf4 21.
cxb6 Qg5 22. Kh1 axb6 23. Qd4 Bg4 24. e3 Rf6 25. Bxe4 Raf8 26. Qd5+ Kh8 27.
Qxg5 hxg5 28. Ra2 Bh3 29. Rd1 g6 30. Kg1 Kg7 31. Rb2 Re6 32. Bd5 Rd6 33. Rdb1
Rff6 34. e4 Rf4 35. e5 Rxd5 36. cxd5 Rg4+ 37. Kh1 1/2-1/2

[Event "XXXIII Festival A"]
[Site "Arco ITA"]
[Date "2011.10.29"]
[Round "8"]
[White "Wagner, Frank"]
[Black "Ebeling, Jens"]
[Result "0-1"]
[WhiteElo "1910"]
[BlackElo "2019"]
[PlyCount "80"]
[EventDate "2011.10.22"]

1. Nf3 g6 2. g3 Bg7 3. Bg2 e5 4. d3 Nc6 5. O-O d6 6. c4 f5 7. Nc3 Nf6 8. Rb1 a5
9. a3 O-O 10. b4 axb4 11. axb4 h6 12. b5 Ne7 13. Bd2 g5 14. Qb3 Kh8 15. Ra1 Rb8
16. c5 f4 17. cxd6 cxd6 18. Ne1 Qe8 19. Ne4 Nf5 20. Nxf6 Bxf6 21. Bc3 Be6 22.
Bd5 Bxd5 23. Qxd5 Qd7 24. Nf3 Ne7 25. Qb3 Qh3 26. Kh1 fxg3 27. fxg3 Bg7 28. Rf2
Nf5 29. Rg2 Ne3 30. Rf2 Nf5 31. Rg2 g4 32. Ng1 Qh5 33. Bd2 Nd4 34. Qd5 Rf6 35.
Ra4 Qf7 36. Qe4 h5 37. b6 Rf5 38. Bb4 d5 39. Qe3 Qd7 40. Ra1 Nc2 0-1

[Event "XXXIII Festival A"]
[Site "Arco ITA"]
[Date "2011.10.29"]
[Round "8"]
[White "Webel, Jannik"]
[Black "Ledent, Philippe"]
[Result "1-0"]
[WhiteElo "1776"]
[BlackElo "1887"]
[PlyCount "91"]
[EventDate "2011.10.22"]

1. d4 d5 2. c4 c6 3. Nc3 Nf6 4. cxd5 cxd5 5. Bf4 a6 6. e3 Nc6 7. Bd3 e6 8. a3
Bd6 9. Bg3 O-O 10. Nge2 Re8 11. Qc2 e5 12. dxe5 Bxe5 13. O-O-O Qa5 14. Nd4 Bg4
15. f3 Bh5 16. Nxc6 bxc6 17. Bxe5 Rxe5 18. Rhe1 Rae8 19. e4 dxe4 20. Nxe4 Nxe4
21. Rxe4 f5 22. Rxe5 Rxe5 23. Kb1 Be8 24. Qc4+ Kf8 25. Qxa6 Qc7 26. Qc4 g6 27.
Qf4 Qe7 28. Qh6+ Kg8 29. Bc4+ Kh8 30. h4 c5 31. Qg5 Qxg5 32. hxg5 f4 33. Rd8
Kg7 34. Rd5 Re1+ 35. Ka2 Rc1 36. Kb3 Ba4+ 37. Kxa4 Rxc4+ 38. Kb3 Rc1 39. Rd7+
Kg8 40. a4 Rg1 41. a5 Rxg2 42. a6 c4+ 43. Kxc4 Rxb2 44. a7 Rc2+ 45. Kb3 Rc8 46.
Rb7 1-0

[Event "XXXIII Festival A"]
[Site "Arco ITA"]
[Date "2011.10.29"]
[Round "8"]
[White "Zahn, Alina"]
[Black "Bacchelli, Andrea"]
[Result "1/2-1/2"]
[WhiteElo "1640"]
[BlackElo "1789"]
[PlyCount "67"]
[EventDate "2011.10.22"]

1. e4 c5 2. Nf3 d6 3. d4 cxd4 4. Nxd4 Nf6 5. Nc3 a6 6. Be2 e6 7. O-O Be7 8. Be3
O-O 9. Qd2 b5 10. f3 Bb7 11. a4 b4 12. Na2 a5 13. c3 bxc3 14. Nxc3 Nc6 15. Nxc6
Bxc6 16. Nb5 d5 17. exd5 Bxd5 18. Rac1 Bb4 19. Qd3 Rc8 20. Rxc8 Qxc8 21. Rc1
Qb8 22. Qc2 Ba8 23. Bd3 h6 24. Qc4 Bd5 25. Qh4 Rc8 26. Rf1 Bc5 27. Bxc5 Rxc5
28. b4 axb4 29. Qxb4 Rc8 30. a5 Qe5 31. Re1 Qb8 32. Qe7 Rd8 33. Qa3 Bc6 34. Qb3
1/2-1/2

[Event "XXXIII Festival A"]
[Site "Arco ITA"]
[Date "2011.10.29"]
[Round "8"]
[White "Ziltener, Werner"]
[Black "Ciola, Alberto"]
[Result "1/2-1/2"]
[WhiteElo "2081"]
[BlackElo "1915"]
[PlyCount "80"]
[EventDate "2011.10.22"]

1. d4 Nf6 2. Nf3 g6 3. Bg5 Bg7 4. Nbd2 d5 5. e3 O-O 6. c4 c5 7. Nb3 cxd4 8.
exd4 Ne4 9. Be3 Be6 10. c5 Nc6 11. Be2 b6 12. cxb6 Qxb6 13. O-O a5 14. Ne5 Rfc8
15. Nxc6 Rxc6 16. Qd3 a4 17. Nc5 Nxc5 18. dxc5 Qxb2 19. Rfb1 Qe5 20. Rd1 Qc7
21. Rac1 Bb2 22. Rb1 Bf5 23. Qxd5 Bxb1 24. Rxb1 a3 25. Rd1 e6 26. Qg5 f6 27.
Qg4 Rd8 28. Rxd8+ Qxd8 29. Bb5 f5 30. Qa4 Rc7 31. Bc4 Qc8 32. Bb3 Kg7 33. h4 e5
34. g3 f4 35. gxf4 Qg4+ 36. Kf1 exf4 37. Bxf4 Qh3+ 38. Ke2 Qg4+ 39. Kf1 Qh3+
40. Ke2 Qg4+ 1/2-1/2

[Event "XXXIII Festival A"]
[Site "Arco ITA"]
[Date "2011.10.29"]
[Round "8"]
[White "Zucchelli, Massimo"]
[Black "Niccoli, Paolo"]
[Result "1-0"]
[WhiteElo "2149"]
[BlackElo "1943"]
[PlyCount "65"]
[EventDate "2011.10.22"]

1. d4 Nf6 2. c4 c5 3. d5 b5 4. Nf3 g6 5. cxb5 a6 6. b6 Qxb6 7. Nc3 d6 8. e4 Bg7
9. Nd2 O-O 10. Be2 Nbd7 11. Nc4 Qc7 12. a4 a5 13. O-O Nb6 14. Na3 Ba6 15. Nab5
Qb8 16. h4 h6 17. f4 Ne8 18. f5 Nc7 19. Nxc7 Bxe2 20. Nxe2 Qxc7 21. Ra3 Nc4 22.
Rg3 Be5 23. Nf4 Bxf4 24. Bxf4 Kh7 25. Qc1 Ne5 26. Bxh6 Rg8 27. Bf4 gxf5 28.
Bxe5 dxe5 29. Rxf5 Rxg3 30. Rh5+ Kg8 31. Qh6 f6 32. Qh8+ Kf7 33. Rh7+ 1-0

[Event "XXXIII Festival A"]
[Site "Arco ITA"]
[Date "2011.10.30"]
[Round "9"]
[White "Aigner, Georg"]
[Black "Savarese, Vincenzo"]
[Result "1-0"]
[WhiteElo "1988"]
[BlackElo "1805"]
[PlyCount "49"]
[EventDate "2011.10.22"]

1. e4 e6 2. d4 d5 3. Nf3 a6 4. Nc3 Nf6 5. Bd3 c5 6. dxc5 Bxc5 7. exd5 exd5 8.
Bg5 Be6 9. O-O O-O 10. Qd2 Nc6 11. a3 Rc8 12. Rad1 b5 13. Ne2 Bg4 14. Ng3 Bxf3
15. gxf3 Nd4 16. Qf4 Ne6 17. Qh4 Nxg5 18. Qxg5 h6 19. Qf5 g6 20. Qf4 Kg7 21.
Kh1 Qc7 22. Qh4 Qd7 23. Nf5+ gxf5 24. Rg1+ Kh7 25. Qxf6 1-0